00357nam a2200145Ia 45000010005000000080041000050200018000460400013000640820019000771000022000962450066001182600009001843000011001935460007002047038140321s9999 xx 000 0 und d a0-205-27781-0 cPK-LaUMT a 004.67bWHI-Q aWhitford, Fred W. aQuick guide to the internet for psychologycWhitford, Fred W. c1998 a115 p. aEN